00506nam a2200193Ia 450000500170000000800410001702000090005804000190006704100120008608200140009810000220011224500610013426000350019530000110023050400260024165000160026765100180028385000110030120240402141221.0131103s9999 xx 000 0 und d cRs.8 aLoreto College aEnglish a170 bGHA aGhanananda, Swami aSri Ramakrishna and His Unique MessagecSwami Ghanananda aCalcuttabAdvaita Ashramc1987 a172p.  aIncludes bibliography aRamakrishna aMoral Science aLCBED